Movies Quiz

Random Movies or Director Quiz

David Lynch Movies Quiz Stats

 Plays Quiz Updated Feb 4, 2020

Support Sporcle.
Go Orange.
Score 0/10 Timer 04:00
0 Plays Today
Year Movie % Correct
1986Blue Velvet
88%
2001Mulholland Dr.
85.7%
1977Eraserhead
82.8%
1992Twin Peaks: Fire Walk with Me
75.6%
1980The Elephant Man
66.9%
1984Dune
62.8%
1997Lost Highway
61.6%
2006Inland Empire
55.6%
1990Wild at Heart
53.9%
1999The Straight Story
45.9%

From the Vault

Oompa Loompa Song

by needapausebutton

Music 10m
Who wouldn't want a Wonka Bar or Everlasting Gobstopper after hearing this song?
Remove Ads.
Support Sporcle.
Get the best of Sporcle when you Go Orange. This ad-free experience offers more features, more stats, and more fun while also helping to support Sporcle. Thank you for becoming a member.

Show Comments

Extras

Top Quizzes Today


Score Distribution

Your Account Isn't Verified!

In order to create a playlist on Sporcle, you need to verify the email address you used during registration. Go to your Sporcle Settings to finish the process.

Report this User

Report this user for behavior that violates our Community Guidelines.

Details: